<?xml version="1.0" encoding="UTF-8"?>
<collection xmlns="http://www.loc.gov/MARC21/slim">
  <record>
    <leader>00000nam  2200000   4500</leader>
    <controlfield tag="001">INLIS000000000016830</controlfield>
    <controlfield tag="005">20240206025411</controlfield>
    <datafield tag="035" ind1="#" ind2="#">
      <subfield code="a">0010-0224000047</subfield>
    </datafield>
    <controlfield tag="007">ta</controlfield>
    <controlfield tag="008">240206################|##########|#|##</controlfield>
    <datafield tag="084" ind1="#" ind2="#">
      <subfield code="a">R 021 LATSAR 2022</subfield>
    </datafield>
    <datafield tag="100" ind1=" " ind2="#">
      <subfield code="a">Willy Rifokto K Dharmawan</subfield>
    </datafield>
    <datafield tag="245" ind1="1" ind2="#">
      <subfield code="a">Pemanfaatan Google Data Studi Untuk Dashboard Data Evaluasi Sakip dan RB Pada Unit Kerja Asdep Wilayah II Deputi Bidang RB Kunwas Kementerian PAN RB /</subfield>
      <subfield code="c">Willy Rifokto K Dharmawan</subfield>
    </datafield>
    <datafield tag="260" ind1="#" ind2="#">
      <subfield code="a">Jakarta :</subfield>
      <subfield code="b">Pusbangkader,</subfield>
      <subfield code="c">2022</subfield>
    </datafield>
    <datafield tag="300" ind1="#" ind2="#">
      <subfield code="a">50 halaman ;</subfield>
      <subfield code="c">30 cm</subfield>
    </datafield>
    <datafield tag="650" ind1="#" ind2="4">
      <subfield code="a">Google Data</subfield>
    </datafield>
    <datafield tag="520" ind1="#" ind2="#">
      <subfield code="a">Deskripsi isu yang diangkat adalah kurang memadainya luas ruangan kantor, kurangnya jumlah pegawai terhadap besarnya volume pekerjaan, tidak terintegrasi data evaluasi SAKIP dan RB. Dalam core issue tidak terintegrasinya data evaluasi SAKIP &amp; RB, erat kaitannya dengan kebutuhan dari evaluator dan pejabat yang berwenang untuk mendapatkan informasi terkait data pelaksanaan evaluasi.</subfield>
    </datafield>
    <datafield tag="600" ind1="#" ind2="4">
      <subfield code="a">Evaluasi Sakip</subfield>
    </datafield>
    <datafield tag="856" ind1="#" ind2="#">
      <subfield code="a">Perpustakaan LAN Pusat</subfield>
    </datafield>
    <datafield tag="990" ind1="#" ind2="#">
      <subfield code="a">06.02.021</subfield>
    </datafield>
  </record>
</collection>
